000
00260nam a2200109 a 4500
005
20140412111327.0
008
110121s19uu xx 00 eng d
050
_a
ER
_b
Fa15 1994
100
_a
Keith, Adrienne
245
_a
Fairies from A to Z.
999
_c
104705
_d
104705